Proceedings of the Second Symposium on Electrode Materials and Processes for Energy Conversion and Storage

Guardat en:
Dades bibliogràfiques
Autors principals: Srinivasan, Supramaniam (Autor), Wagner, Sigurd (Autor), Wroblowa, Halina (Autor)
Format: Llibre
Idioma:anglès
Publicat: Pennington The Electrochemical Society 1987
Col·lecció:Proceedings, 87-12
Matèries:
Etiquetes: Afegir etiqueta
Sense etiquetes, Sigues el primer a etiquetar aquest registre!

MARC

LEADER 00000nam a2200000 a 4500
001 UCT4009
003 CL-VaPUC
005 20220914074226.0
008 961105e19870000us 1 eng d
082 0 4 |a 660.297  |b SRI  |2 21 
100 1 |a Srinivasan, Supramaniam  |e author  |9 618042 
700 1 |a Wagner, Sigurd  |e author  |9 618043 
700 1 |a Wroblowa, Halina  |e author  |9 618044 
245 1 0 |a Proceedings of the Second Symposium on Electrode Materials and Processes for Energy Conversion and Storage 
260 |a Pennington  |b The Electrochemical Society  |c 1987 
300 |a 652 p 
490 0 |a Proceedings, 87-12 
583 |a last modification  |c 20130123 01:19:21  |k Rodrigo Vera 
650 0 7 |a ELECTRODOS  |2 CL-VaPUC  |9 306983 
650 0 0 |a Electroquímica  |9 263973 
650 0 0 |a Fuentes de energía  |9 263042 
650 0 7 |a ELECTROLISIS  |2 CL-VaPUC  |9 360639 
942 |c BK 
945 |a paguirre  |d 19961105 00:00:00 
546 |a En Inglés 
518 |p Electrode Materials and Processes for Energy Conversion and Storage, 2, 1987 
999 |c 382762  |d 382760